LEADER 01275cam--2200373---450- 001 990003641560203316 005 20140714103901.0 010 $a978-88-6274-322-8 035 $a000364156 035 $aUSA01000364156 035 $a(ALEPH)000364156USA01 035 $a000364156 100 $a20120321d2011----km-y0itay50------ba 101 0 $aita 102 $aIT 105 $ay|||z|||001yy 200 1 $aAd Christi similitudinem: Ignazio di Loyola e i primi gesuiti tra eresia e ortodossia$estudi sulle origini della Compagnia di Gesł$fGuido Mongini 210 $aAlessandria$cEdizioni dell'Orso$d2011 215 $a179 p.$d24 cm 225 2 $aBiblioteca di studi storico-religiosi$v6 410 0$12001$aBiblioteca di studi storico-religiosi$v6 516 1 $aAd Christi similitudinem 606 0 $aGesuiti$xOrigini$2BNCF 676 $a271.53 700 1$aMONGINI,$bGuido$0325141 801 0$aIT$bsalbc$gISBD 912 $a990003641560203316 951 $aX.2.B. 2139$b235388 L.M.$cX.2.$d00308539 959 $aBK 969 $aUMA 979 $aANNAMARIA$b90$c20120321$lUSA01$h1156 979 $aANNAMARIA$b90$c20140714$lUSA01$h1039 996 $aAd Christi similitudinem: Ignazio di Loyola e i primi gesuiti tra eresia e ortodossia$91138094 997 $aUNISA LEADER 01204nam0 2200289 i 450 001 VAN0065077 005 20080711120000.0 010 $a18-421-7183-6 100 $a20080711d2006 |0itac50 ba 101 $aeng 102 $aGB 105 $a|||| ||||| 200 1 $aCommon ground$earchaeology, art, science, and humanities$eproceedings of the 16. International Congress of Classical Archaeology, Boston, August 23-26, 2003$fCarol C. Mattusch, A. A. Donohue, Amy Brauer, editors 210 $aOxford$cOxbow$dc2006 215 $aXXIV, 630 p.$cill.$d29 cm. 606 $aAntichitą classiche$xCongressi$3VANC025160$2FI 620 $aGB$dOxford$3VANL000020 702 1$aBrauer$bAmy$3VANV051753 702 1$aDonohue$bAlice A.$3VANV051752 702 1$aMattusch$bCarol C.$3VANV051751 712 $aOxbow$3VANV110016$4650 801 $aIT$bSOL$c20230616$gRICA 899 $aBIBLIOTECA DEL DIPARTIMENTO DI LETTERE E BENI CULTURALI$1IT-CE0103$2VAN07 912 $aVAN0065077 950 $aBIBLIOTECA DEL DIPARTIMENTO DI LETTERE E BENI CULTURALI$d07CONS D Boston 2003 $e07 18365 20080711 996 $aCommon ground$91416544 997 $aUNICAMPANIA